Statistiques concernant César du meilleur film

Cliquez ici pour prendre le quiz!

Statistiques générales

  • Ce quiz a été pris 320 fois
  • Le résultat moyen est 22 sur 41

Statistiques - réponses

AnnéeFilmRéalisateur% Correct
2012The ArtistMichel Hazanavicius
86%
1996La HaineMathieu Kassovitz
83%
2002Le fabuleux destin d'Amélie PoulainJean-Pierre Jeunet
80%
2014Les garçons et Guillaume, à table !Guillaume Gallienne
80%
2003Le pianisteRoman Polanski
76%
1981Le dernier métroFrançois Truffaut
70%
2013AmourMichael Haneke
68%
1976Le vieux fusilRobert Enrico
68%
1988Au revoir les enfantsLouis Malle
65%
2010Un prophèteJacques Audiard
65%
1991Cyrano de BergeracJean-Paul Rappeneau
62%
1998On connaît la chansonAlain Resnais
61%
1986Trois hommes et un couffinColine Serreau
61%
1982La guerre du feuJean-Jacques Annaud
60%
2008La graine et le muletAbdellatif Kechiche
59%
2006De battre mon coeur s'est arrêtéJacques Audiard
57%
2001Le goût des autresAgnès Jaoui
57%
2000Vénus Beauté (Institut)Tonie Marshall
55%
1993Les nuits fauvesCyril Collard
54%
2015TimbuktuAbderrahmane Sissako
53%
1985Les RipouxClaude Zidi
52%
1980TessRoman Polanski
52%
2011Des hommes et des dieuxXavier Beauvois
50%
2005L'esquiveAbdellatif Kechiche
48%
1997RidiculePatrice Leconte
48%
1994Smoking / No SmokingAlain Resnais
48%
1977Monsieur KleinJoseph Losey
46%
1990Trop belle pour toiBertrand Blier
46%
1984A nos amoursMaurice Pialat
44%
1989Camille ClaudelBruno Nuytten
43%
1995Les roseaux sauvagesAndré Téchiné
41%
1992Tous les matins du mondeAlain Corneau
40%
1983La balanceBob Swaim
39%
1984Le balEttore Scola
39%
1999La vie rêvée des angesErick Zonca
36%
1987ThérèseAlain Cavalier
35%
2004Les invasions barbaresDenys Arcand
34%
2007Lady ChatterleyPascale Ferran
32%
2009SéraphineMartin Provost
30%
1978ProvidenceAlain Resnais
29%
1979L'argent des autresChristian de Chalonge
25%

Distribution des résultats

Percentile par nombre de réponses

% des personnes avec chaque résultat

Votre développement - résultats

Vous n’avez pas pris ce quiz